000 01526nam0a2200349 4500
001 RU\NLR\bibl\1249187
005 20250615123349.0
010 _a978-5-89145-055-4
_95000
021 _aRU
_b2008-36494
_92006
035 _a(NLR Aleph) 001235309
090 _a224334
_c224334
100 _a20080704d2008 |||y0rusy50 ca
101 0 _arus
102 _aRU
105 _aa |||||||||
200 1 _aБеседы о правилах пожарной безопасности
_fТ.А. Шорыгина
210 _aМосква
_cТворческий центр Сфера
_d2008
215 _a60, [1] с.
_cил.
_d20
225 1 _aВместе с детьми
606 1 _aПожарная охрана
_xИзучение в дошкольных учреждениях
_91901894
_3RU\NLR\auth\66865929
606 1 _aПожарная охрана
_xИзучение в школе
_91901896
_3RU\NLR\auth\66865930
606 1 _aДошкольники
_xОбучение правилам пожарной безопасности
_92276404
_3RU\NLR\auth\661364134
606 1 _aШкольники
_xОбучение правилам пожарной безопасности
_92607282
_3RU\NLR\auth\661543840
686 _aЧ411.352.23
686 _aЧ421.352.23
700 1 _4070
_aШорыгина
_bТ. А.
_f1944-
_gТатьяна Андреевна
_9141889
_3RU\NLR\AUTH\770141925
801 0 _aRU
_bNLR
_c20080704
_gRCR
801 1 _aRU
_bNLR
_c20080704
830 _aАвт. по кн
942 _cBOOK
980 _aNB